000
003150000a22001570004500
003
MACL
040
_a
MACL
090
_c
46158
_d
46156
100
_a
Christie, Agatha
245
_a
Ordeal By Innocence
260
_b
Harper
_c
2003
350
_a
175
650
_a
Fiction
942
_c
BOOK
_k
823
951
_o
823 BOOK
999
_c
45678
_d
45678